00881cam a22002651 4500001001300000003000400013005001700017008004100034010001700075035001900092040004600111042001200157043001200169050002400181051001600205082001600221100004500237245005700282260004800339300006200387490005400449504002800503650003300531830005100564gs 65000342 DLC20260227111417.0780804s1965 dcuab b f000 0 eng c ags 65000342  a(OCoLC)4112420 aU.S. Geol. Survey. Libr.cCLSdOCoLCdDLC apremarc an-us---00aTC801b.U2 no. 1797 aTD223b.P52 a333.91009731 aPiper, Arthur M.q(Arthur Maine),d1898-10aHas the United States enough water?cby A. M. Piper. aWashington,bU.S. Govt. Print. Off.,c1965. aiii, 27 p.billus., maps (3 fold. col. in pocket)c24 cm.1 aGeological Survey (U.S.) Water-supply paperv1797 aBibliography: p. 26-27. 0aWater-supplyzUnited States. 0aWater-supply paper (Washington, D.C.) ;v1797.